000 00515nam a2200157 i 4500
001 82319
003 ES-MaACL
005 20230906174643.0
007 t|
008 041108s1971 sp ||||1| spa d
245 0 0 _aIndustrias químicas
_b: reglamentación nacional de trabajo para las industrias químicas.
260 _aMadrid :
_bSegura,
_c[1971]
300 _a249 p. ;
_c15 cm.
650 4 _aTrabajadores de la industria química-
_xEstatuto jurídico-
_zEspaña.
_9165903
852 _aES-MaACL
_jC-47705
_bR.80896
999 _c82319
_d82319